000 00854nam a22001577a 4500
003 OSt
005 20150919103238.0
008 150919b xxu||||| |||| 00| 0 eng d
040 _cRUA
082 _aAGR SOK 2006 B034 Or.1
100 _9842
_aSOK, KHEANG.
245 _aEffect different hill spacing on phkarumduol rice variety in rainy season on crop station of royal university of agriculture ឥទ្ធិពលចន្លោះគុម្ពខុសៗគ្នា ទៅលើពូជស្រូវផ្ការំដួល នៅក្នុងលក្ខខណ្ឌរដូវវស្សា នៅស្ថានីយ៏ពិសោធន៏ំដំណាំ នៃសាកលវិទ្យាល៏យភូមិន្ទកសិកម្ម
260 _aPhnom Penh
_bRUA
_c2006
300 _a49p.
_bill.
_c29cm.
942 _2ddc
_cAGR
999 _c812
_d812